| 000 -ლიდერი |
| ფიქსირებული სიგრძის საკონტროლო ველი |
01404nam a2200265Ia 4500 |
| 001 - საკონტროლო ნომერი |
| საკონტროლო ველი |
5179 |
| 003 - საკონტროლო ნომრის იდენტიფიკატორი |
| საკონტროლო ველი |
GE_BSU |
| 005 - ბოლო ოპერაციის თარიღი და დრო |
| საკონტროლო ველი |
20190619154727.0 |
| 008 - ფიქსირებული სიგრძის მონაცემთა ელემენტები - ზოგადი ინფორმაცია |
| ფიქსირებული სიგრძის საკონტროლო ველი |
181216s1979||||ge |||||||||||||| ||geo|| |
| 040 ## - კატალოგიზაციის წყარო |
| Transcribing agency |
GE_BSU |
| 041 ## - ენის კოდი |
| Language code of text/sound track or separate title |
geo |
| 080 ## - უნივერსალური ათობითი კლასიფიკაციის ინდექსი |
| Universal Decimal Classification number |
66 : 658.5(075.1) ა-59 |
| 245 ## - ცნობა სათაურის შესახებ |
| Title |
ამოცანათა კრებული ქიმიურ საწარმოთა ორგანიზაციასა და დაგეგმვაში / |
| Statement of responsibility, etc |
შემდგ. : თ. გაჩეჩილაძე, ი. როყვა, მ. მახარაძე, ლ. ლომაია ; რედ. ე. კირვალიძე |
| 264 ## - წარმოების, გამოცემის, დისტრიბუციის და სხვა ცნობები |
| გამოცემის, წარმოების, დისტრიბუციის... ადგილი |
თბილისი : |
| გამოცემის, წარმოების, დისტრიბუციის... სახელწოდება |
სპი, |
| გამოცემის, წარმოების, დისტრიბუციის... თარიღი |
1979. |
| 300 ## - ფიზიკური აღწერა |
| Extent |
92 გვ. ; |
| Dimensions |
20 სმ. |
| 653 ## - INDEX TERM--UNCONTROLLED |
| Uncontrolled term |
ამოცანები ქიმიურ საწარმოთა ორგანიზაციასა და დაგეგმვაში |
| 653 ## - INDEX TERM--UNCONTROLLED |
| Uncontrolled term |
ქიმია |
| 700 ## - ADDED ENTRY--PERSONAL NAME |
| Personal name |
გაჩეჩილაძე, თ. |
| Relator term |
შემდგენელი |
| 9 (RLIN) |
1316 |
| 700 ## - ADDED ENTRY--PERSONAL NAME |
| Personal name |
როყვა, ი. |
| Relator term |
შემდგენელი |
| 9 (RLIN) |
2613 |
| 700 ## - ADDED ENTRY--PERSONAL NAME |
| Personal name |
მახარაძე, მ. |
| Relator term |
შემდგენელი |
| 9 (RLIN) |
2614 |
| 700 ## - ADDED ENTRY--PERSONAL NAME |
| Personal name |
ლომაია, ლ. |
| Relator term |
შემდგენელი |
| 9 (RLIN) |
2615 |
| 700 ## - ADDED ENTRY--PERSONAL NAME |
| Personal name |
კირვალიძე, ე. |
| Relator term |
რედაქტორი |
| 9 (RLIN) |
2616 |
| 711 ## - ADDED ENTRY--MEETING NAME |
| Meeting name or jurisdiction name as entry element |
|
| 9 (RLIN) |
2617 |
| 942 ## - ADDED ENTRY ELEMENTS (KOHA) |
| Koha item type |
წიგნი |
| Source of classification or shelving scheme |
|